PolSci Dialogues

Guardado en:
Detalles Bibliográficos
Formato: Seriadas
Lenguaje:inglés
Publicado: Košice Univerzita Pavla Jozefa Šafárika v Košiciach
Etiquetas: Agregar Etiqueta
Sin Etiquetas, Sea el primero en etiquetar este registro!

MARC

LEADER 00000nls a2200000 4500
001 0311356
005 20260205141042.0
022 |a 2989-4271 
041 0 |a eng 
044 |a SK 
245 1 0 |a PolSci Dialogues 
264 1 |a Košice  |b Univerzita Pavla Jozefa Šafárika v Košiciach